Welcome to the Holygrace Academy Library

Please use search bar below to get started

ALL IN ONE (Record no. 2684)

MARC details
000 -LEADER
fixed length control field 00222nam a22001097a 4500
082 ## - DEWEY DECIMAL CLASSIFICATION NUMBER
Classification number 001
Item number FOU/P
245 ## - TITLE STATEMENT
Title ALL IN ONE
260 ## - PUBLICATION, DISTRIBUTION, ETC. (IMPRINT)
Place of publication DELHI
Name of publisher FOUNDATION STONE PUBLISHERS
300 ## - PHYSICAL DESCRIPTION
Number of Pages 48
650 ## - SUBJECT ADDED ENTRY--TOPICAL TERM
Topical Term 48
Geographic subdivision INDIA
942 ## - ADDED ENTRY ELEMENTS (KOHA)
Koha item type Books
Holdings
Withdrawn status Lost status Collection code Home library Current library Shelving location Date acquired Source of acquisition Full call number Accession Number Koha item type
    Reference Main Library Main Library   11/12/2019 PURCHASE 001 FOU/P 12267 Books